|
|
|
|
| LEADER |
01447nam a2200289 u 4500 |
| 001 |
10095486 |
| 003 |
GR-PaULI |
| 005 |
20231207140906.0 |
| 008 |
111205s2007 gr g d gre d |
| 952 |
|
|
|0 0
|1 0
|4 0
|6 889_270000000000000_ΜΕΝ
|7 0
|9 105771
|a THST
|b THST
|d 2016-04-24
|i 08393
|l 0
|o 889.27 ΜΕΝ
|p 025000197571
|r 2016-04-24 00:00:00
|t 1
|w 2016-04-24
|y BK15
|
| 952 |
|
|
|0 0
|1 0
|4 0
|6 889_270000000000000_ΜΕΝ
|7 0
|9 105772
|a THST
|b THST
|d 2016-04-24
|i 09089
|l 0
|o 889.27 ΜΕΝ
|p 025000197570
|r 2016-04-24 00:00:00
|t 2
|w 2016-04-24
|y BK15
|
| 999 |
|
|
|c 71169
|d 71169
|
| 020 |
|
|
|a 9603223023
|
| 040 |
|
|
|a GR-PaULI
|c GR-PaULI
|b gre
|e AACR2
|
| 041 |
0 |
|
|a gre
|
| 082 |
1 |
4 |
|a 889.27
|2 23
|
| 100 |
|
|
|a Μέντης, Παναγιώτης,
|d 1953-
|e συγγραφέας
|9 102367
|
| 245 |
1 |
0 |
|a Οι κόκκινες γυναίκες :
|b δοκιμή θεατρικού μονολόγου /
|c Παναγιώτης Μέντης.
|
| 260 |
|
|
|a Αθήνα :
|b Αιγόκερως,
|c 2007.
|
| 300 |
|
|
|a 79 σ. :
|b εικ. ;
|c 21 εκ.
|
| 490 |
1 |
|
|a Θέατρο - Παραστάσεις / Αιγόκερως
|
| 650 |
|
4 |
|a Ελληνικά θεατρικά έργα
|y 20ός αιώνας
|9 158
|
| 760 |
1 |
|
|a Θέατρο - Παραστάσεις
|
| 830 |
|
0 |
|9 158095
|a Θέατρο - Παραστάσεις (Αιγόκερως)
|
| 852 |
|
|
|a GR-PaULI
|b ΠΑΤΡΑ
|b ΘΕΑΤΡΟΛΟΓΙΑ
|k ΑΣΧΕ-3
|h 889.27 ΜΕΝ
|m 09089
|p 025000197570
|t 2
|
| 942 |
|
|
|2 ddc
|c BK15
|
| 998 |
|
|
|c ΜΑΝΙΑ
|d 2011-12
|